000 01141nam a2200337 i 4500
003 EG-GICUC
005 20260422112942.0
008 260422s1977 fr fr|||| 000 0 fre d
040 _aEG-GiCUC
_bfre
_cEG-GiCUC
_dEG-GiCUC
_eRda
041 0 _afre
082 0 4 _221
_a343.452
_bGR . P
092 0 4 _221
099 _aLaw1 10 343.452 GR . P 3 ed - 1977
100 1 _aGreffe, Pierre
_eAuteur
245 1 3 _aLa publicité et la loi /
_cpar Pierre Greffe et François Greffe ; préface de Philippe Calleux.
250 _aTroisième édition
264 1 _aParis :
_bLibrairies Techniques,
_c1977.
300 _a428 page ;
_c 24 cm.
_billustration ;
336 _2rda contenu
_a texte
337 _2rda medias
_aOrdinateur
338 _2 transporteur rda
_a Ressource en ligne
504 _aComprend des références bibliographiques et un index.
546 _aTexte en français
650 1 4 _aDroit pénal
_2qrmak
651 1 _2qrmak
700 1 _aGreffe, François
_eAuteur
700 1 _aCalleux, Philippe
_ePréfacier
856 4 0 _uhttps://fll.law.cu.edu.eg/fulltext/bks/B10-10640.pdf
905 _a74
942 _2ddc
_cBK
_e21
_n0
999 _c72804
_d72804